[Event "Hull TORO"]
[Site "Hull"]
[Date "1981.03.07"]
[Round "2"]
[White "Colpitts, George"]
[Black "Godbout, Alain J"]
[Result "1-0"]
[WhiteElo "1528"]
[BlackElo "1408"]
[PlyCount "49"]
[EventDate "1981.03.07"]
[EventType "swiss"]
[EventRounds "5"]
[EventCountry "CAN"]
[SourceTitle "EXT 2022"]
[Source "ChessBase"]
[SourceDate "2021.10.06"]
[SourceVersion "1"]
[SourceVersionDate "2021.10.06"]
[SourceQuality "1"]

1. e4 c5 2. d4 cxd4 3. c3 dxc3 4. Nxc3 Nf6 5. e5 Ng8 6. f4 e6 7. Nf3 Ne7 8. Bc4 Nf5 9. g4 Nh6 10. h3 Bc5 11. Ne4 Qc7 12. Nxc5 Qxc5 13. Qd3 Nc6 14. Be3 Qb4+ 15. Bd2 Qb6 16. Ke2 0-0 17. f5 Kh8 18. Bxh6 gxh6 19. f6 Rg8 20. Bb3 Qc7 21. Bc2 Rg6 22. Qe3 Rg8 23. Qxh6 Rg6 24. Bxg6 fxg6 25. Qg7# 1-0